000 00251nam a2200109Ia 4500
005 20251222144738.0
008 251222s9999||||xx |||||||||||||| ||spa||
082 _a617.917.8/N81/T.I
245 0 _aNopa Instruments
264 _bTuttlingen
942 _cLIB
999 _c18870
_d18870